| 000 | 00555nam a22001937a 4500 | ||
|---|---|---|---|
| 005 | 20250221145536.0 | ||
| 010 | _aENG-143842 | ||
| 020 |
_a9789384401764 _c495.00 |
||
| 035 | _aEN-127374 | ||
| 037 | _bDBAD | ||
| 082 |
_aS _21 |
||
| 100 |
_aGarimella, Ravindra _978470 |
||
| 245 |
_aBoundless Horizons: _bMyriad Tales of Human Emotions/ _cby Ravindra Garimella |
||
| 250 | _a1 | ||
| 260 |
_aN.Delhi _bPigeon Books India _c2016 |
||
| 270 |
_a16, Ansari Road,Daryaganj, _bN.Delhi _e110002 |
||
| 300 |
_a161p. _b21cm.(hb) |
||
| 942 |
_2ddc _cEN _hS _mGAR _e1 |
||
| 999 |
_c209629 _d209629 |
||